| 000 | 00889nam a22002897a 4500 | ||
|---|---|---|---|
| 003 | CHAP | ||
| 005 | 20220817044422.0 | ||
| 008 | 110207s1990 enka r 00010 eng d | ||
| 010 | _a100454 | ||
| 011 | _a101426 | ||
| 020 | _a0600560449 | ||
| 035 | _a112114 | ||
| 040 | _cCHAP | ||
| 082 | 0 | 4 |
_a581 _bP75 |
| 100 | 1 |
_aPodhajská, Zdenka. _989474 |
|
| 245 | 1 | 4 |
_aThe amazing world of plants : _bfascinating facts, strange legends curious myths _c/por Zdenka Podhajská |
| 260 |
_aLondon : _bHamlyn, _c1990 |
||
| 300 |
_a160 p. : _bilus. |
||
| 590 |
_aBATCH-UPD _b10 _c20130110 _lUCH01 _h1345 |
||
| 590 |
_aBATCH-UPD _b10 _c20130410 _lUCH01 _h0844 |
||
| 590 |
_aBATCH-UPD _b10 _c20130914 _lUCH01 _h1917 |
||
| 590 |
_aCONVERSION _b10 _c20130109 _lUCH01 _h1355 |
||
| 650 | 1 | 4 | _aPlantas. |
| 901 | _aBK | ||
| 942 | _cLIBRO | ||
| 949 |
_a581 P75 _bBC _cLIBRO _d33724002231347 _eLIBRO _h114166 _i112114 _sb |
||
| 999 |
_c100454 _d100454 |
||